[Event "1.b HSL 19"]
[Site "Mali Losinj"]
[Date "2019.09.29"]
[Round "2.43"]
[White "Fercec, Nenad"]
[Black "Jovanovic, Zoran"]
[Result "1/2-1/2"]
[WhiteElo "2439"]
[BlackElo "2507"]
[PlyCount "32"]
[EventDate "2019.09.28"]
[EventCountry "CRO"]
[WhiteTeam "ŠK PULA, Pula"]
[BlackTeam "ŠK SESVETE-AGROPROTEINKA, Sesvete"]

1. e4 d6 2. d4 Nf6 3. Nc3 e5 4. Nf3 Nbd7 5. Bc4 Be7 6. O-O O-O 7. Re1 c6 8. a4
h6 9. h3 Re8 10. Be3 Bf8 11. Bb3 exd4 12. Bxd4 Qa5 13. Nd2 Qh5 14. Nc4 Ne5 15.
Qxh5 Nxh5 16. Be3 Be6 1/2-1/2

[Event "1.b HSL 19"]
[Site "Mali Losinj"]
[Date "2019.09.29"]
[Round "2.44"]
[White "Bukal, Vladimir Jr."]
[Black "Zufic, Miroslav"]
[Result "0-1"]
[WhiteElo "2390"]
[BlackElo "2382"]
[PlyCount "58"]
[EventDate "2019.09.28"]
[EventCountry "CRO"]
[WhiteTeam "ŠK SESVETE-AGROPROTEINKA, Sesvete"]
[BlackTeam "ŠK PULA, Pula"]

1. d4 Nf6 2. Nf3 g6 3. g3 Bg7 4. Bg2 O-O 5. O-O d6 6. Nc3 d5 7. Bf4 c6 8. Re1
Bf5 9. Nh4 Be6 10. Qd2 Re8 11. Rad1 Nbd7 12. h3 Nb6 13. b3 Qc8 14. Kh2 c5 15.
Nb5 cxd4 16. Nc7 Ne4 17. Bxe4 dxe4 18. Nxa8 Nd5 19. Nc7 Nxc7 20. e3 Nd5 21.
exd4 Nc3 22. Ra1 Rd8 23. Be3 Bxh3 24. Qc1 Bg4 25. Qa3 Rd5 26. Qxe7 Bf8 27. Qf6
Rh5 28. d5 Nxd5 29. Qd4 Bf3 0-1

[Event "1.b HSL 19"]
[Site "Mali Losinj"]
[Date "2019.09.29"]
[Round "2.45"]
[White "Franic, Milan"]
[Black "Ivekovic, Zvonimir"]
[Result "0-1"]
[WhiteElo "2366"]
[BlackElo "2405"]
[PlyCount "112"]
[EventDate "2019.09.28"]
[EventCountry "CRO"]
[WhiteTeam "ŠK PULA, Pula"]
[BlackTeam "ŠK SESVETE-AGROPROTEINKA, Sesvete"]

1. d4 Nf6 2. c4 c5 3. d5 g6 4. Nc3 Bg7 5. e4 d6 6. Nf3 O-O 7. Be2 e6 8. O-O e5
9. Ne1 Ne8 10. Nd3 Nd7 11. Kh1 a6 12. a4 Rb8 13. Ra3 Nc7 14. a5 b5 15. axb6
Nxb6 16. b3 f5 17. Bd2 f4 18. Bg4 Nd7 19. f3 h5 20. Bh3 g5 21. Nf2 Nf6 22. Qe2
Rf7 23. Na2 Bf8 24. Ba5 Rg7 25. Bxc8 Qxc8 26. Bxc7 Rxc7 27. h3 Rh7 28. Kg1 Rbb7
29. Rxa6 Rxb3 30. Nc1 Qxa6 31. Nxb3 Qa4 32. Rb1 Rb7 33. Nd2 Rxb1+ 34. Nxb1 Qb4
35. Qc2 Qe1+ 36. Kh2 g4 37. hxg4 hxg4 38. fxg4 Bh6 39. Nc3 Qe3 40. Ncd1 Qg3+
41. Kh1 f3 42. gxf3 Bf4 43. Nd3 Qxf3+ 44. Kg1 Nxg4 45. Nxf4 exf4 46. e5 Qg3+
47. Kh1 Nxe5 48. Qg2 Qxg2+ 49. Kxg2 Kf7 50. Nc3 Kg6 51. Nb5 Nxc4 52. Kf2 Kf5
53. Kf3 Ke5 54. Nc3 Nd2+ 55. Kg4 f3 56. Kg3 Ne4+ 0-1

[Event "1.b HSL 19"]
[Site "Mali Losinj"]
[Date "2019.09.29"]
[Round "2.46"]
[White "Bozinovic, Bogdan"]
[Black "Krsnik Cohar, Ivan Vihor"]
[Result "1/2-1/2"]
[WhiteElo "2217"]
[BlackElo "2340"]
[PlyCount "157"]
[EventDate "2019.09.28"]
[EventCountry "CRO"]
[WhiteTeam "ŠK SESVETE-AGROPROTEINKA, Sesvete"]
[BlackTeam "ŠK PULA, Pula"]

1. d4 d5 2. c4 Bf5 3. Qb3 dxc4 4. Qxb7 Nd7 5. Nc3 Rb8 6. Qxa7 Ngf6 7. Nf3 e6 8.
e3 Bb4 9. Bd2 O-O 10. Qa4 Be7 11. Bc1 Nd5 12. a3 Ra8 13. Qd1 N7f6 14. Bxc4 Nxc3
15. bxc3 Ne4 16. Bd3 Nxc3 17. Qc2 Bxd3 18. Qxd3 Na4 19. O-O c5 20. Qc2 Qd5 21.
e4 Qh5 22. Be3 Rfc8 23. dxc5 Bxc5 24. Rfc1 h6 25. Bxc5 Rxc5 26. Qd2 Rca5 27. h3
Nc5 28. Qc2 Nd7 29. Qc6 Ne5 30. Nxe5 Qxe5 31. a4 R5a6 32. Qc4 Ra5 33. Ra2 Kh7
34. Rcc2 Qh5 35. f3 Rg5 36. f4 Rga5 37. e5 g5 38. Re2 Rxa4 39. Rxa4 Rxa4 40.
Qc2+ Kg7 41. fxg5 Ra1+ 42. Kh2 Qxg5 43. Re4 h5 44. Qf2 Ra5 45. Qe2 Rd5 46. Qe1
Rd3 47. Qf2 Kg6 48. h4 Qf5 49. Qe2 Ra3 50. Qe1 Rb3 51. Qe2 Rb2 52. Qe3 Rf2 53.
Kg3 Rf1 54. Rf4 Rxf4 55. Qxf4 Qd3+ 56. Kf2 Qc2+ 57. Kf3 Qd3+ 58. Kf2 Qc2+ 59.
Kf3 Qd1+ 60. Kf2 Kg7 61. Qf6+ Kf8 62. Qh8+ Ke7 63. Qf6+ Ke8 64. Qh8+ Kd7 65.
Qf6 Qd4+ 66. Ke2 Qg4+ 67. Ke3 Qg3+ 68. Kd4 Qg4+ 69. Ke3 Qg3+ 70. Kd4 Ke8 71.
Qh8+ Kd7 72. Qf6 Qg8 73. Qf3 Qg6 74. Qb7+ Ke8 75. Qb8+ Ke7 76. Qb4+ Kd7 77.
Qd6+ Ke8 78. Qb8+ Ke7 79. Qd6+ 1/2-1/2

[Event "1.b HSL 19 "]
[Site "Mali Losinj"]
[Date "2019.09.29"]
[Round "2.51"]
[White "Ivic, Velimir"]
[Black "Djukic, Nikola"]
[Result "1/2-1/2"]
[WhiteElo "2511"]
[BlackElo "2518"]
[PlyCount "96"]
[EventDate "2019.09.28"]
[EventCountry "CRO"]

1. e4 c5 2. Nf3 Nc6 3. d4 cxd4 4. Nxd4 g6 5. c4 Nf6 6. Nc3 Nxd4 7. Qxd4 d6 8.
Be3 Bg7 9. f3 O-O 10. Qd2 Be6 11. Rc1 Qa5 12. Be2 Rfc8 13. b3 a6 14. Na4 Qxd2+
15. Kxd2 Nd7 16. g4 f5 17. gxf5 gxf5 18. Nc3 fxe4 19. fxe4 Nf6 20. Rhg1 Kh8 21.
Rg2 Rg8 22. Rcg1 Bf8 23. Rxg8+ Bxg8 24. Bf3 e5 25. Nd5 Bg7 26. Nxf6 Bxf6 27.
Bg4 b5 28. c5 dxc5 29. Bxc5 a5 30. Kc3 Bf7 31. Bf5 Ra6 32. Kb2 Rc6 33. Rc1 Bg5
34. Rc2 Bg6 35. Bf8 Rxc2+ 36. Kxc2 Bxf5 37. exf5 e4 38. a4 bxa4 39. bxa4 Kg8
40. Bc5 Kf7 41. Bb6 Kf6 42. Bxa5 Kxf5 43. Bb6 Bf4 44. h3 Bb8 45. a5 Kf4 46. a6
Kf3 47. Kd2 Bf4+ 48. Kc2 Bb8 1/2-1/2

[Event "1.b HSL 19 "]
[Site "Mali Losinj"]
[Date "2019.09.29"]
[Round "2.52"]
[White "Bogut, Zeljko"]
[Black "Doric, Darko"]
[Result "0-1"]
[WhiteElo "2386"]
[BlackElo "2467"]
[PlyCount "154"]
[EventDate "2019.09.28"]
[EventCountry "CRO"]

1. e4 d5 2. exd5 Qxd5 3. Nf3 Bg4 4. Be2 Nc6 5. d4 O-O-O 6. c4 Qf5 7. Be3 Nf6 8.
Nc3 e6 9. Qb3 Nb4 10. O-O-O c6 11. Ne5 Bxe2 12. Nxe2 Nd7 13. Ng3 Qf6 14. a3 Na6
15. Ne4 Qe7 16. c5 Qe8 17. Nc4 Nf6 18. Ncd6+ Bxd6 19. Nxd6+ Rxd6 20. cxd6 Nd5
21. Bg5 Nb8 22. Qg3 Nd7 23. Rhe1 N7b6 24. Bd2 g6 25. b3 Kd7 26. Kb2 Nc8 27. Bf4
Qf8 28. Be5 Rg8 29. h4 h5 30. Qf3 Nxd6 31. Bxd6 Kxd6 32. Qe4 Kd7 33. Rd3 Qd6
34. Qe5 Ke7 35. Rf3 Rf8 36. g3 Kd7 37. Qxd6+ Kxd6 38. Re5 Ke7 39. b4 a6 40. Kb3
Ra8 41. Rd3 Kd6 42. Re2 Rd8 43. Kc2 Ra8 44. Rb3 Rb8 45. Kd3 Ra8 46. Re1 b5 47.
f3 a5 48. bxa5 Rxa5 49. g4 Ra4 50. Rc1 Nf6 51. Rbc3 Ra6 52. g5 Nd5 53. Rb3 Ra4
54. Re1 Nf4+ 55. Ke4 Nd5 56. Rc1 Ra6 57. f4 Ra4 58. Rd3 Ra6 59. Rb3 Ne7 60. Ra1
Nd5 61. a4 Nb6 62. a5 Na4 63. Kd3 Rxa5 64. Rb4 Nb2+ 65. Rxb2 Rxa1 66. Ke4 Ra4
67. Rc2 Ra1 68. Rh2 Re1+ 69. Kd3 Kd5 70. Ra2 Rd1+ 71. Ke3 Rxd4 72. Ra7 Re4+ 73.
Kf3 Ra4 74. Rd7+ Kc5 75. Rxf7 b4 76. Rb7 Ra5 77. Re7 b3 0-1

[Event "1.b HSL 19 "]
[Site "Mali Losinj"]
[Date "2019.09.29"]
[Round "2.53"]
[White "Plenkovic, Zdenko"]
[Black "Galic, Ivan"]
[Result "0-1"]
[WhiteElo "2368"]
[BlackElo "2414"]
[PlyCount "39"]
[EventDate "2019.09.28"]
[EventCountry "CRO"]

1. e4 c5 2. Nf3 e6 3. d4 cxd4 4. Nxd4 a6 5. Bd3 Qc7 6. O-O Nf6 7. Nd2 d6 8. f4
Nbd7 9. Kh1 b6 10. N2f3 Bb7 11. e5 dxe5 12. fxe5 Nxe5 13. Bf4 Bd6 14. Bb5+ Kf8
15. Ng5 Kg8 16. Ba4 Nc4 17. Bxd6 Qxd6 18. Qd3 Nxb2 19. Qe3 Nxa4 20. Rad1 0-1

[Event "1.b HSL 19 "]
[Site "Mali Losinj"]
[Date "2019.09.29"]
[Round "2.54"]
[White "Bender, Ivan"]
[Black "Rade, Miroslav"]
[Result "1/2-1/2"]
[WhiteElo "2212"]
[BlackElo "2390"]
[PlyCount "99"]
[EventDate "2019.09.28"]
[EventCountry "CRO"]

1. e4 e5 2. Nf3 Nc6 3. Bb5 Nge7 4. Nc3 g6 5. d4 exd4 6. Nxd4 Bg7 7. Be3 O-O 8.
O-O d5 9. exd5 Nb4 10. Nde2 Nbxd5 11. Bd4 Nxc3 12. Bxc3 Be6 13. Bxg7 Kxg7 14.
Nf4 Bf5 15. Re1 Nc6 16. Bxc6 bxc6 17. Qf3 Qf6 18. c3 Rad8 19. Rad1 Bc2 20. Rxd8
Rxd8 21. Qe3 a5 22. h3 a4 23. Ne2 Bf5 24. Nd4 c5 25. Nxf5+ Qxf5 26. g4 Qf6 27.
a3 h6 28. Kg2 c4 29. Qf3 Qxf3+ 30. Kxf3 Rd3+ 31. Re3 Rd2 32. Re2 Rd3+ 33. Kg2
Kf6 34. Re4 Rd2 35. Rxc4 Rxb2 36. Rxa4 Ke6 37. Rc4 Kd6 38. Rf4 Ke6 39. Rc4 Kd6
40. Rf4 Ke6 41. Kf3 Rc2 42. Rc4 Kd6 43. Ke3 c5 44. f3 g5 45. Kd3 Rf2 46. Ke4
Re2+ 47. Kd3 Rf2 48. Ke3 Rc2 49. Kd3 Rf2 50. Ke3 1/2-1/2

[Event "1.b HSL 19 "]
[Site "Mali Losinj"]
[Date "2019.09.29"]
[Round "2.55"]
[White "Polok, Kacper"]
[Black "Levacic, Patrick"]
[Result "1-0"]
[WhiteElo "2307"]
[BlackElo "2245"]
[PlyCount "39"]
[EventDate "2019.09.28"]
[EventCountry "CRO"]

1. e4 e6 2. d4 d5 3. Nc3 Nf6 4. Bg5 Bb4 5. e5 h6 6. Bh4 g5 7. Bg3 Ne4 8. Nge2
c5 9. a3 Bxc3+ 10. Nxc3 Qa5 11. dxc5 Nxc3 12. Qd2 Nd7 13. bxc3 Nxc5 14. Bd3 Bd7
15. f4 gxf4 16. Bh4 Rc8 17. O-O f5 18. exf6 Kf7 19. Qxf4 Qxc3 20. Bg6+ 1-0

[Event "1.b HSL 19 "]
[Site "Mali Losinj"]
[Date "2019.09.29"]
[Round "2.56"]
[White "Brnas, Augustin"]
[Black "Curic, Drazen"]
[Result "0-1"]
[WhiteElo "2200"]
[BlackElo "2137"]
[PlyCount "32"]
[EventDate "2019.09.28"]
[EventCountry "CRO"]

1. e4 e5 2. Nf3 Nc6 3. Bb5 Nge7 4. O-O d6 5. d4 Bd7 6. c3 Ng6 7. Be3 Be7 8.
Nbd2 a6 9. Ba4 h6 10. Re1 Bg5 11. Nxg5 hxg5 12. Nf1 Nf4 13. Qd2 Qf6 14. Rad1
Nxg2 15. Kxg2 Bh3+ 16. Kg3 g4 0-1

[Event "1.b HSL 19 "]
[Site "Mali Losinj"]
[Date "2019.09.30"]
[Round "3.11"]
[White "Djukic, Nikola"]
[Black "Sedlak, Nikola"]
[Result "1/2-1/2"]
[WhiteElo "2518"]
[BlackElo "2572"]
[PlyCount "40"]
[EventDate "2019.09.28"]
[EventCountry "CRO"]
[WhiteTeam "ŠK DUBROVNIK, Dubrovnik"]
[BlackTeam "ŠK ŠIBENIK, Šibenik"]

1. e4 e5 2. Nf3 Nc6 3. Bb5 a6 4. Ba4 d6 5. O-O Bd7 6. c3 g6 7. d4 Bg7 8. d5
Nce7 9. Bxd7+ Qxd7 10. c4 h6 11. Nc3 f5 12. Ne1 fxe4 13. Nxe4 Nf6 14. Nxf6+
Bxf6 15. Nf3 b5 16. b3 bxc4 17. bxc4 Qg4 18. Qa4+ Qd7 19. Qd1 Qg4 20. Qa4+ Qd7
1/2-1/2

[Event "1.b HSL 19 "]
[Site "Mali Losinj"]
[Date "2019.09.30"]
[Round "3.12"]
[White "Nikcevic, Nebojsa"]
[Black "Bogut, Zeljko"]
[Result "1-0"]
[WhiteElo "2415"]
[BlackElo "2386"]
[PlyCount "135"]
[EventDate "2019.09.28"]
[EventCountry "CRO"]
[WhiteTeam "ŠK ŠIBENIK, Šibenik"]
[BlackTeam "ŠK DUBROVNIK, Dubrovnik"]

1. Nf3 d6 2. d4 Nf6 3. c4 Nbd7 4. Nc3 e5 5. e4 Be7 6. Be2 O-O 7. O-O c6 8. Re1
Qc7 9. a3 Re8 10. Bf1 a6 11. Rb1 b5 12. b4 Nf8 13. cxb5 cxb5 14. Bb2 Bg4 15.
Rc1 Qb7 16. dxe5 dxe5 17. Nd5 Nxd5 18. Qxd5 Qxd5 19. exd5 Bxf3 20. gxf3 Ng6 21.
Rc6 Nh4 22. Be2 Red8 23. Rd1 Bd6 24. Bc1 Nf5 25. Be3 Nxe3 26. fxe3 Kf8 27. e4
Ke7 28. Rdc1 Rdb8 29. Rb1 a5 30. a4 bxa4 31. b5 Ra7 32. Kf1 Rab7 33. Ke1 Rb6
34. Kd1 Bb4 35. Kc2 Rxc6+ 36. dxc6 Rd8 37. c7 Rd2+ 38. Kc1 Kd7 39. Rxb4 axb4
40. Kxd2 Kxc7 41. Bd1 a3 42. Kc2 Kb6 43. Be2 Kc5 44. Kb3 g6 45. Bd3 h6 46. h3
f6 47. Bc4 f5 48. b6 a2 49. Kxa2 Kxb6 50. Bd3 fxe4 51. Bxe4 g5 52. Kb3 Kc5 53.
Kc2 Kd4 54. Kd2 h5 55. Bc2 b3 56. Bb1 b2 57. Ke2 Kc4 58. Ke3 Kc3 59. Bd3 Kb4
60. Bc2 Kc4 61. Bb1 Kc3 62. Ke4 Kd2 63. Kxe5 Ke3 64. Kf5 Kxf3 65. Kxg5 h4 66.
Kxh4 Kf4 67. Kh5 Ke5 68. Kg6 1-0

[Event "1.b HSL 19 "]
[Site "Mali Losinj"]
[Date "2019.09.30"]
[Round "3.13"]
[White "Galic, Ivan"]
[Black "Matkovic, Tonci"]
[Result "1/2-1/2"]
[WhiteElo "2414"]
[BlackElo "2281"]
[PlyCount "68"]
[EventDate "2019.09.28"]
[EventCountry "CRO"]
[WhiteTeam "ŠK DUBROVNIK, Dubrovnik"]
[BlackTeam "ŠK ŠIBENIK, Šibenik"]

1. c4 Nf6 2. Nc3 e6 3. e4 d5 4. e5 d4 5. exf6 dxc3 6. bxc3 Qxf6 7. Nf3 Nc6 8.
Bd3 Ne5 9. Be4 Nxf3+ 10. Bxf3 e5 11. O-O Bd6 12. d4 O-O 13. c5 Be7 14. Re1 exd4
15. cxd4 Bxc5 16. Re5 Bb6 17. Bg5 Qd6 18. Rd5 Qa3 19. Be3 c6 20. Rh5 Be6 21.
Be4 f5 22. Bc2 Rad8 23. g4 Bd5 24. gxf5 Rd7 25. Qg4 Rf6 26. Rh3 h6 27. Bxh6 Qb2
28. Re1 Qxd4 29. Qxd4 Bxd4 30. Bg5 Rf8 31. a4 Kf7 32. Bd1 Kg8 33. Bc2 Bf6 34.
Bxf6 gxf6 1/2-1/2

[Event "1.b HSL 19 "]
[Site "Mali Losinj"]
[Date "2019.09.30"]
[Round "3.14"]
[White "Malenica, Mario"]
[Black "Bender, Ivan"]
[Result "0-1"]
[WhiteElo "2221"]
[BlackElo "2212"]
[PlyCount "122"]
[EventDate "2019.09.28"]
[EventCountry "CRO"]
[WhiteTeam "ŠK ŠIBENIK, Šibenik"]
[BlackTeam "ŠK DUBROVNIK, Dubrovnik"]

1. Nf3 Nf6 2. g3 d5 3. Bg2 c6 4. O-O Bf5 5. d3 h6 6. b3 e6 7. Bb2 Be7 8. Nbd2
O-O 9. c4 Nbd7 10. Qc2 Bh7 11. a3 Re8 12. Bc3 Bd6 13. Qb2 e5 14. cxd5 cxd5 15.
d4 e4 16. Ne5 Qe7 17. Rfc1 Bf5 18. Nxd7 Bxd7 19. Nf1 Ng4 20. Bd2 Rac8 21. Ne3
Rxc1+ 22. Bxc1 Nxe3 23. Bxe3 g5 24. Qd2 f5 25. b4 Rf8 26. f4 g4 27. Bf2 Bb5 28.
Rc1 Bc4 29. h4 gxh3 30. Bxh3 h5 31. Be3 Kh7 32. Kf2 Kg6 33. Qb2 Qd7 34. Bd2 b5
35. e3 Be7 36. Rg1 Rg8 37. Bf1 Kf6 38. Bxc4 bxc4 39. b5 Rb8 40. a4 a6 41. Rb1
Ke6 42. Ke2 h4 43. gxh4 Bxh4 44. Rh1 Bf6 45. b6 Qxa4 46. Rb1 Qe8 47. Kd1 Qa4+
48. Ke2 Rb7 49. Qc1 Qe8 50. Qh1 Qc6 51. Qh5 c3 52. Bxc3 Qxc3 53. Qe8+ Kd6 54.
Rg1 Qd3+ 55. Kf2 Bh4+ 56. Kg2 Rg7+ 57. Kh1 Rxg1+ 58. Kxg1 Qxe3+ 59. Kh2 Qxf4+
60. Kh1 Qf3+ 61. Kh2 Bg3+ 0-1

[Event "1.b HSL 19 "]
[Site "Mali Losinj"]
[Date "2019.09.30"]
[Round "3.15"]
[White "Levacic, Patrick"]
[Black "Grgurevic, Boris"]
[Result "1/2-1/2"]
[WhiteElo "2245"]
[BlackElo "2177"]
[PlyCount "21"]
[EventDate "2019.09.28"]
[EventCountry "CRO"]
[WhiteTeam "ŠK DUBROVNIK, Dubrovnik"]
[BlackTeam "ŠK ŠIBENIK, Šibenik"]

1. d4 Nf6 2. Nf3 g6 3. Bf4 Bg7 4. e3 d6 5. h3 c6 6. Nbd2 O-O 7. Be2 Nbd7 8. O-O
Re8 9. Nb3 Nd5 10. Bh2 Nc7 11. Nfd2 1/2-1/2

[Event "1.b HSL 19 "]
[Site "Mali Losinj"]
[Date "2019.09.30"]
[Round "3.16"]
[White "Tesla, Miro"]
[Black "Brnas, Augustin"]
[Result "1-0"]
[WhiteElo "2073"]
[BlackElo "2200"]
[PlyCount "71"]
[EventDate "2019.09.28"]
[EventCountry "CRO"]
[WhiteTeam "ŠK ŠIBENIK, Šibenik"]
[BlackTeam "ŠK DUBROVNIK, Dubrovnik"]

1. d4 Nf6 2. c4 g6 3. g3 d5 4. cxd5 Nxd5 5. e4 Nb6 6. Bg2 Bg7 7. Ne2 O-O 8. O-O
Bg4 9. f3 Bd7 10. Nbc3 c6 11. a4 a5 12. b3 Na6 13. Be3 Nb4 14. Qd2 Be6 15. Rab1
f6 16. Nf4 Bf7 17. Bh3 Ra6 18. Rfd1 Re8 19. Ne6 Bxe6 20. Bxe6+ Kh8 21. Qg2 Rf8
22. Ne2 g5 23. h4 Qe8 24. Kf2 Na8 25. hxg5 fxg5 26. Qh3 c5 27. Bxg5 Rxe6 28.
Qxe6 Qh5 29. Bf4 Qh2+ 30. Ke3 Nc2+ 31. Kd3 Nb4+ 32. Kd2 cxd4 33. Rh1 Qg2 34.
Qg6 Kg8 35. Rxh7 Rf7 36. Rbh1 1-0

[Event "1.b HSL 19 "]
[Site "Mali Losinj"]
[Date "2019.09.30"]
[Round "3.21"]
[White "Lenic, Luka"]
[Black "Ivic, Velimir"]
[Result "1-0"]
[WhiteElo "2644"]
[BlackElo "2511"]
[PlyCount "107"]
[EventDate "2019.09.28"]
[EventCountry "CRO"]
[WhiteTeam "ŠK SESVETE-AGROPROTEINKA, Sesvete"]
[BlackTeam "ŠK BRDA, Split"]

1. d4 Nf6 2. c4 g6 3. Nc3 d5 4. Nf3 Bg7 5. Qb3 dxc4 6. Qxc4 O-O 7. e4 Nc6 8.
Be2 e5 9. d5 Nd4 10. Nxd4 exd4 11. Qxd4 c6 12. Qc4 b5 13. Qxc6 Bd7 14. Qd6 Re8
15. Bg5 b4 16. Qxb4 Nxd5 17. Nxd5 Qxg5 18. O-O Rab8 19. Qd6 Bh3 20. Bf3 Rxb2
21. Rab1 Be6 22. Rxb2 Bxb2 23. Rd1 Bxd5 24. Rxd5 Be5 25. Qa3 Re7 26. g3 Qf6 27.
Kg2 Kg7 28. Bd1 Bc7 29. Qf3 Qxf3+ 30. Kxf3 Bb6 31. Bb3 Rc7 32. Kg2 Re7 33. h4
f6 34. f3 h6 35. h5 g5 36. Kh3 Bc7 37. Kg4 Bb6 38. Rd6 Bc7 39. Rc6 Rd7 40. Be6
Re7 41. Bd5 Bb6 42. Rc8 Bf2 43. f4 Kh7 44. Rc2 Bd4 45. Kf5 Kg7 46. Rc8 Kh7 47.
Rf8 Kg7 48. Rg8+ Kh7 49. Rg6 Rc7 50. Rxf6 Bxf6 51. Kxf6 Rc3 52. e5 Rxg3 53. e6
Re3 54. e7 1-0

[Event "1.b HSL 19 "]
[Site "Mali Losinj"]
[Date "2019.09.30"]
[Round "3.22"]
[White "Doric, Darko"]
[Black "Postny, Evgeny"]
[Result "1/2-1/2"]
[WhiteElo "2467"]
[BlackElo "2601"]
[PlyCount "58"]
[EventDate "2019.09.28"]
[EventCountry "CRO"]
[WhiteTeam "ŠK BRDA, Split"]
[BlackTeam "ŠK SESVETE-AGROPROTEINKA, Sesvete"]

1. d4 d5 2. c4 dxc4 3. e3 Nf6 4. Bxc4 e6 5. Nf3 a6 6. O-O b5 7. Be2 Bb7 8. b3
c5 9. dxc5 Qxd1 10. Rxd1 Bxc5 11. Bb2 Nbd7 12. Nbd2 Ke7 13. a4 b4 14. Nc4 Rhc8
15. Kf1 Bd5 16. Nfd2 Ba7 17. Rac1 Nc5 18. f3 Rd8 19. Bd4 Ncd7 20. Bxa7 Rxa7 21.
Na5 Ba8 22. e4 Ne5 23. Ndc4 Rxd1+ 24. Rxd1 Nxc4 25. bxc4 Rc7 26. Rb1 Rc5 27.
Nb3 Rc7 28. Na5 Rc5 29. Nb3 Rc7 1/2-1/2

[Event "1.b HSL 19 "]
[Site "Mali Losinj"]
[Date "2019.09.30"]
[Round "3.23"]
[White "Jovanovic, Zoran"]
[Black "Plenkovic, Zdenko"]
[Result "1-0"]
[WhiteElo "2507"]
[BlackElo "2368"]
[PlyCount "83"]
[EventDate "2019.09.28"]
[EventCountry "CRO"]
[WhiteTeam "ŠK SESVETE-AGROPROTEINKA, Sesvete"]
[BlackTeam "ŠK BRDA, Split"]

1. e4 d5 2. exd5 Qxd5 3. Nc3 Qd6 4. d4 Nf6 5. Nf3 g6 6. Ne5 Bg7 7. Bf4 Nh5 8.
Be3 O-O 9. Be2 Nf6 10. O-O Nc6 11. Nb5 Qd8 12. c4 Ne8 13. Nxc6 bxc6 14. Bf3 Bd7
15. Nc3 Nd6 16. Qe2 Nf5 17. Rad1 Nxe3 18. Qxe3 e6 19. Ne4 Rb8 20. Qa3 Be8 21.
Nc5 Qd6 22. b4 e5 23. dxe5 Qxe5 24. Qxa7 Rb6 25. Nd3 Qc3 26. c5 Rb5 27. Qxc7
Qa3 28. Bxc6 Bxc6 29. Qxc6 Rbb8 30. Qd5 Bc3 31. c6 Bxb4 32. c7 Rbc8 33. Nxb4
Qxb4 34. Rc1 Rfe8 35. Rc4 Qb2 36. a4 Qa2 37. Qb5 Re7 38. h3 Qe2 39. Rfc1 Kg7
40. Qb7 Qe6 41. a5 Qf5 42. Rc5 1-0

[Event "1.b HSL 19 "]
[Site "Mali Losinj"]
[Date "2019.09.30"]
[Round "3.24"]
[White "Rade, Miroslav"]
[Black "Bukal, Vladimir Jr"]
[Result "0-1"]
[WhiteElo "2390"]
[BlackElo "2390"]
[PlyCount "65"]
[EventDate "2019.09.28"]
[EventCountry "CRO"]
[WhiteTeam "ŠK BRDA, Split"]
[BlackTeam "ŠK SESVETE-AGROPROTEINKA, Sesvete"]

1. e4 e6 2. d4 d5 3. Nd2 h6 4. c3 c5 5. exd5 exd5 6. Ngf3 Nf6 7. Bb5+ Bd7 8.
Qe2+ Be7 9. dxc5 O-O 10. Nb3 Re8 11. Be3 Qc7 12. O-O Ng4 13. h3 Nxe3 14. Bxd7
Nxd7 15. Qxe3 Bxc5 16. Qd3 Nf6 17. Nxc5 Qxc5 18. Rfe1 Qb6 19. Rxe8+ Rxe8 20.
Qc2 Re4 21. Nd4 g6 22. g3 Kg7 23. Kg2 Qc7 24. Rd1 Qe7 25. Qd3 Qe8 26. Rd2 Re1
27. Nc2 Rb1 28. Re2 Qa4 29. Re7 Rxb2 30. Nb4 a5 31. Qe3 axb4 32. Qe6 Qe8 33.
Qe5 0-1

[Event "1.b HSL 19 "]
[Site "Mali Losinj"]
[Date "2019.09.30"]
[Round "3.25"]
[White "Ivekovic, Zvonimir"]
[Black "Polok, Kacper"]
[Result "0-1"]
[WhiteElo "2405"]
[BlackElo "2307"]
[PlyCount "78"]
[EventDate "2019.09.28"]
[EventCountry "CRO"]
[WhiteTeam "ŠK SESVETE-AGROPROTEINKA, Sesvete"]
[BlackTeam "ŠK BRDA, Split"]

1. e4 e6 2. d4 d5 3. Bd3 c5 4. exd5 exd5 5. Nf3 c4 6. Be2 Nf6 7. b3 cxb3 8.
axb3 Be7 9. O-O O-O 10. c4 Nc6 11. Nc3 Bg4 12. Be3 Bb4 13. Na2 Bd6 14. h3 Bh5
15. c5 Bc7 16. b4 a6 17. Rb1 Ne4 18. Nd2 Nxd2 19. Qxd2 Bxe2 20. Qxe2 f5 21. f4
Na7 22. Nc3 Qd7 23. b5 Ba5 24. bxa6 Bxc3 25. axb7 Rab8 26. Qa6 Nc6 27. Rb6 Bxd4
28. Bxd4 Nxd4 29. Rfb1 Qc7 30. c6 Qxf4 31. Qd3 Qe5 32. c7 Ne2+ 33. Kf2 Nf4 34.
Qc2 Nxh3+ 35. Kf1 Qf4+ 36. Ke2 Rfe8+ 37. Re6 Rxe6+ 38. Kd1 Qf1+ 39. Kd2 Qxg2+
0-1

[Event "1.b HSL 19 "]
[Site "Mali Losinj"]
[Date "2019.09.30"]
[Round "3.26"]
[White "Curic, Drazen"]
[Black "Antunac, Goran"]
[Result "0-1"]
[WhiteElo "2137"]
[BlackElo "2379"]
[PlyCount "70"]
[EventDate "2019.09.28"]
[EventCountry "CRO"]
[WhiteTeam "ŠK BRDA, Split"]
[BlackTeam "ŠK SESVETE-AGROPROTEINKA, Sesvete"]

1. b3 Nf6 2. Bb2 g6 3. g3 Bg7 4. Bg2 O-O 5. e3 c5 6. d3 Nc6 7. Nd2 d5 8. Ne2 e5
9. h3 Re8 10. a3 Bd7 11. g4 h6 12. Ng3 Qc7 13. Rb1 a5 14. O-O Rad8 15. Re1 Bc8
16. Qe2 b6 17. Rbd1 Bb7 18. Qf1 Nh7 19. Ne2 Bf6 20. c4 Ne7 21. f4 dxc4 22. Nxc4
Bxg2 23. Qxg2 exf4 24. Nxf4 b5 25. Bxf6 Nxf6 26. Nb2 g5 27. Nh5 Nxh5 28. gxh5
Nd5 29. e4 Nf4 30. Qg4 Qe5 31. Rf1 f5 32. exf5 Qd4+ 33. Kh1 Re3 34. Rf3 Rde8
35. Rg1 Qd5 0-1

[Event "1.b HSL 19 "]
[Site "Mali Losinj"]
[Date "2019.09.30"]
[Round "3.31"]
[White "Brkic, Ante"]
[Black "Vavulin, Maxim"]
[Result "1/2-1/2"]
[WhiteElo "2600"]
[BlackElo "2550"]
[PlyCount "49"]
[EventDate "2019.09.28"]
[EventCountry "CRO"]
[WhiteTeam "ŠK VINKOVCI, Vinkovci"]
[BlackTeam "ŠK PULA, Pula"]

1. e4 e5 2. Nf3 Nc6 3. Bb5 a6 4. Ba4 d6 5. O-O Bd7 6. c3 g6 7. d4 Bg7 8. Re1
Qe7 9. h3 Nf6 10. Nbd2 O-O 11. Bc2 h6 12. Nf1 Nh7 13. Be3 Rad8 14. Qd2 h5 15.
Rad1 f5 16. exf5 gxf5 17. dxe5 dxe5 18. Bg5 Nxg5 19. Qxg5 Qxg5 20. Nxg5 Bh6 21.
Bb3+ Kg7 22. Ne6+ Bxe6 23. Bxe6 Kf6 24. Bd5 h4 25. Ne3 1/2-1/2

[Event "1.b HSL 19 "]
[Site "Mali Losinj"]
[Date "2019.09.30"]
[Round "3.32"]
[White "Tratar, Marko"]
[Black "Kadric, Denis"]
[Result "1/2-1/2"]
[WhiteElo "2461"]
[BlackElo "2558"]
[PlyCount "90"]
[EventDate "2019.09.28"]
[EventCountry "CRO"]
[WhiteTeam "ŠK PULA, Pula"]
[BlackTeam "ŠK VINKOVCI, Vinkovci"]

1. Nf3 d6 2. d4 g6 3. c4 Nd7 4. e4 e5 5. Nc3 Bg7 6. Be2 Nh6 7. h4 f6 8. h5 g5
9. d5 O-O 10. Bd2 a5 11. Qc1 Rf7 12. Nh2 Nc5 13. f3 c6 14. g4 Bd7 15. Be3 Bf8
16. Qd2 Be8 17. Nf1 Qb8 18. Ng3 Rd7 19. Kf1 Be7 20. Kg2 Bd8 21. Rab1 Kh8 22. b3
Bb6 23. Rhc1 Qa7 24. Nd1 Rdd8 25. Rc2 Nf7 26. Bf1 Bd7 27. Qf2 Qb8 28. Nc3 Ba7
29. Rd1 Na6 30. Rcd2 Bc5 31. Bxc5 Nxc5 32. Rb2 Qc7 33. Be2 h6 34. Qe3 Qb6 35.
a3 Qa7 36. Nf1 Na6 37. Qxa7 Rxa7 38. Ne3 Kg7 39. Rdb1 Rda8 40. Nf1 Nc7 41. Kf2
Kf8 42. Ke1 Ke7 43. Kd2 Na6 44. Ne3 Nc5 45. Bd1 Na6 1/2-1/2

[Event "1.b HSL 19 "]
[Site "Mali Losinj"]
[Date "2019.09.30"]
[Round "3.33"]
[White "Stojanovski, Dejan"]
[Black "Fercec, Nenad"]
[Result "0-1"]
[WhiteElo "2428"]
[BlackElo "2439"]
[PlyCount "82"]
[EventDate "2019.09.28"]
[EventCountry "CRO"]
[WhiteTeam "ŠK VINKOVCI, Vinkovci"]
[BlackTeam "ŠK PULA, Pula"]

1. d4 Nf6 2. Nf3 g6 3. Nbd2 d5 4. b4 Bg7 5. e3 O-O 6. Be2 b6 7. O-O c5 8. bxc5
bxc5 9. c3 c4 10. Ne5 Qc7 11. Bf3 Nc6 12. Nxc6 Qxc6 13. Ba3 Re8 14. Bc5 Ba6 15.
Bb4 e5 16. dxe5 Rxe5 17. Be2 Ne4 18. Nf3 Ree8 19. Nd4 Qd7 20. Bf3 Bb7 21. Qc2
a5 22. Ba3 Bc6 23. Bxe4 dxe4 24. Rab1 Be5 25. Qe2 Bd5 26. Rfd1 Rab8 27. Qc2 h5
28. Rxb8 Rxb8 29. Rb1 Rd8 30. Bc5 Rc8 31. Bb6 h4 32. h3 Bb8 33. Bxa5 Qd6 34. f4
exf3 35. gxf3 Qe5 36. Qf2 Bxf3 37. Rb5 Bd5 38. Qf4 Qe8 39. Qg5 Ba8 40. Nf5 Qe4
41. Ne7+ Kh7 0-1